लोड हो रहा है...
Drought planning and water efficiency implications in water resources management
| मुख्य लेखक: | |
|---|---|
| स्वरूप: | Printed Book |
| भाषा: | Undetermined English |
| प्रकाशित: |
USA
World bank
1992
|
| विषय: |
| LEADER | 00674nam a2200193Ia 4500 | ||
|---|---|---|---|
| 008 | 140306s9999 xx 000 0 und d | ||
| 020 | |a 0821322206 | ||
| 041 | |a eng | ||
| 082 | |a 333.91 |b `FRE | ||
| 100 | |a Frederiksen, Harald D | ||
| 245 | |a Drought planning and water efficiency implications in water resources management | ||
| 260 | |a USA |b World bank |c 1992 | ||
| 300 | |a 38 | ||
| 650 | |a drought - management | ||
| 650 | |a Water supply - management | ||
| 650 | |a water use - cost effectiveness | ||
| 942 | |2 ddc |c BK | ||
| 999 | |c 70159 |d 70159 | ||
| 952 | |0 0 |1 0 |2 ddc |4 0 |6 333_910000000000000_FRE |7 0 |9 76508 |a KAUACV |b KAUACV |d 2004-06-05 |o 333.91 `FRE |p KAU_ACV-23810 |r 2014-03-22 |w 2014-03-22 |y BK | ||